00757nam a2200169Ia 4500008004100000020001800041082001800059100001900077245012400096260002100220300001000241500002500251650011700276700008200393952009500475999001700570120629s9999 xx 000 0 und d a970-24-0025-2 a658.403 T929t aTurban, Efraim aTecnologías de información para la administración / Efraim Turban, Ephraim Mclean, James Wetherbe; Ralph Westfall aMéxico : CECSA a945 p aGlosario e índices a1. ADMINISTRACION DE SISTEMA DE INFORMACION \ 2. TECNOLOGIA DE INFORMACION \ 3. ADMINISTRACION DE LA INFORMACION aMclean, Ephraim; coaut. \ Wetherbe, James; coaut \ Westfall, Ralph; cont.Ì 00104070a15b15d2011-09-14l0o658.403 T929Tp15 004829r2017-12-07t1w2012-06-28yLB c77739d77739